000 01324cam a22002533a 4500
001 404
003 PGUSA
005 20140828082948.0
008 960101s1996||||xxu|||||s|||||000 | eng d
040 _aPGUSA
_beng
042 _adc
050 4 _aT
100 1 _aSmiles, Samuel,
_d1812-1904
245 1 0 _aIndustrial Biography :
_bIron Workers and Tool Makers
_h[electronic resource] /
_cSamuel Smiles
260 _bProject Gutenberg,
_c1996
505 0 _aIron and civilization -- Beginnings of the iron manufacturer in Britain -- Iron-smelting by pit-coal; Dud Dudley -- Andrew Yarranton -- Coalbrookdale Iron-works; The Darbys and Reynoldses -- Invention of cast-steel; Benjamin Huntsman -- The inventions of Henry Cort -- The Scotch iron manufacture; Dr. Roebuck; David Mushet -- Invention of the hot-blast; James Beaumont Neilson -- Mechanical inventions and inventors -- Joseph Bramah -- Henry Maudslay -- Joseph Clement -- Fox of Derby; Murray of Leeds; Roberts and Whitworth of Manchester -- James Nasmyth -- William Fairbairn.
506 _aPublic domain in the USA.
516 _aElectronic text
653 _aIndustrial arts -- Biography
653 _aIron industry and trade -- Great Britain -- Biography
830 0 _aProject Gutenberg
_v404
856 4 0 _uhttp://www.gutenberg.org/ebooks/404
942 _cEB
999 _c229755
_d229755